Prefectures of Kyushu, Japan (with a map) - Statistics

General Stats
  • This quiz has been taken 889 times
  • The average score is 6 of 7
Answers on the Map
Answers color-coded by a green-red scale on the quiz's map according to % correct below.
 
Answer Stats
Prefecture % Correct
Nagasaki
94%
Fukuoka
85%
Kumamoto
80%
Saga
79%
Kagoshima
78%
Miyazaki
77%
Oita
77%
No matching quizzes found
Score Distribution
Percent of People with Each Score
Percentile by Number Answered
Your Score History
You have not taken this quiz